[Event "Aragon-chT Honor GrB"]
[Site "Aragon"]
[Date "2017.03.04"]
[Round "6.27"]
[White "Lopez Gracia, Fernando"]
[Black "Gella Bitrian, Diego"]
[Result "1/2-1/2"]
[WhiteElo "2302"]
[BlackElo "2000"]
[PlyCount "70"]
[EventDate "2017.01.28"]
[EventType "team-tourn"]
[EventRounds "7"]
[EventCountry "ESP"]
[SourceTitle "EXT 2018"]
[Source "ChessBase"]
[SourceDate "2017.10.13"]
[SourceVersion "1"]
[SourceVersionDate "2017.10.13"]
[SourceQuality "1"]
[WhiteTeam "St Casablanca"]
[BlackTeam "Huesca Club Atletismo"]
[WhiteTeamCountry "ESP"]
[BlackTeamCountry "ESP"]

1. e4 c5 2. Nc3 d6 3. g3 Nc6 4. Bg2 g6 5. d3 Bg7 6. Be3 Nf6 7. h3 0-0 8. f4 Rb8 9. Nf3 b5 10. 0-0 b4 11. Ne2 Nd7 12. Rb1 Qa5 13. g4 Qxa2 14. b3 Qa5 15. f5 Nde5 16. Qd2 Nxf3+ 17. Rxf3 Nd4 18. Rf2 Nxe2+ 19. Qxe2 h6 20. g5 hxg5 21. Bxg5 Qd8 22. Kh1 Bd4 23. Be3 Kg7 24. Bxd4+ cxd4 25. fxg6 f6 26. h4 Rh8 27. h5 Qa5 28. Bf3 Rb5 29. Rh2 Rh6 30. Qf2 Qb6 31. Rg1 Be6 32. Qe2 Qa6 33. Qf2 Qb6 34. Qe2 Qa6 35. Qf2 Qb6 1/2-1/2

[Event "Aragon-chT Honor GrA"]
[Site "Aragon"]
[Date "2016.02.13"]
[Round "3.14"]
[White "Roque Sola, Jose Luis"]
[Black "Gella Bitrian, Diego"]
[Result "0-1"]
[WhiteElo "2066"]
[BlackElo "2020"]
[PlyCount "88"]
[EventDate "2016.01.30"]
[EventType "team-tourn"]
[EventRounds "7"]
[EventCountry "ESP"]
[SourceTitle "EXT 2018"]
[Source "ChessBase"]
[SourceDate "2017.10.13"]
[SourceVersion "1"]
[SourceVersionDate "2017.10.13"]
[SourceQuality "1"]
[WhiteTeam "Agrupacion II"]
[BlackTeam "Huesca Club Atletismo"]
[WhiteTeamCountry "ESP"]
[BlackTeamCountry "ESP"]

1. e4 c5 2. Nf3 d6 3. d4 Nf6 4. Nc3 cxd4 5. Nxd4 a6 6. Bc4 e6 7. Bb3 Nbd7 8. Be3 Nc5 9. f3 b5 10. Qd2 Bb7 11. 0-0-0 Rc8 12. Kb1 Nxb3 13. axb3 b4 14. Na4 Qc7 15. Rc1 d5 16. exd5 Nxd5 17. Rhe1 Be7 18. Bg5 Bxg5 19. Qxg5 0-0 20. Re4 h6 21. Qh4 Nf6 22. Re2 Rfd8 23. c4 Qd6 24. Nc2 Qd3 25. Re3 Qd2 26. Qe1 a5 27. Re5 Qxg2 28. Rxa5 Qxf3 29. Qxb4 Be4 30. Nc3 Rb8 31. Rb5 Rxb5 32. Qxb5 Rd2 33. Nxe4 Nxe4 34. c5 Rd5 35. Na3 Qe3 36. Qb8+ Kh7 37. c6 Nd2+ 38. Ka2 Nxb3 39. Rc3 Nc1+ 40. Ka1 Qe1 41. Nb1 Ne2 42. Ra3 Rd1 43. Ra8 Rxb1+ 44. Ka2 Qd1 0-1

[Event "Aragon-chT Honor GrB"]
[Site "Aragon"]
[Date "2015.02.21"]
[Round "5.26"]
[White "Gella Bitrian, Diego"]
[Black "Glavina, Pablo"]
[Result "0-1"]
[WhiteElo "2033"]
[BlackElo "2418"]
[PlyCount "40"]
[EventDate "2015.01.24"]
[EventType "team-tourn"]
[EventRounds "7"]
[EventCountry "ESP"]
[SourceTitle "EXT 2017"]
[Source "ChessBase"]
[SourceDate "2016.10.25"]
[SourceVersion "1"]
[SourceVersionDate "2016.10.25"]
[SourceQuality "1"]
[WhiteTeam "Cerbuna CMU"]
[BlackTeam "St Casablanca"]
[WhiteTeamCountry "ESP"]
[BlackTeamCountry "ESP"]

1. e4 e5 2. Bc4 Nf6 3. d3 Nc6 4. Nc3 Bc5 5. Bg5 h6 6. Bh4 d6 7. Nd5 g5 8. Bg3 Nxd5 9. Bxd5 Ne7 10. Bb3 Ng6 11. c3 Qf6 12. Qf3 Qe7 13. 0-0-0 h5 14. h3 g4 15. Qe2 h4 16. d4 Bb6 17. dxe5 hxg3 18. exd6 Qg5+ 19. Kb1 gxf2 20. Qd3 Ne5 0-1

[Event "Aragon-chT Preferente-B"]
[Site "Spain"]
[Date "2011.02.19"]
[Round "3.2"]
[White "Sebastian Bespin, Ruben"]
[Black "Gella Bitrian, Diego"]
[Result "1/2-1/2"]
[WhiteElo "2185"]
[BlackElo "1973"]
[PlyCount "96"]
[EventDate "2011.02.05"]
[EventType "team-tourn"]
[EventRounds "9"]
[EventCountry "ESP"]
[SourceTitle "EXT 2013"]
[Source "ChessBase"]
[SourceDate "2012.11.22"]
[SourceVersion "1"]
[SourceVersionDate "2012.11.22"]
[SourceQuality "1"]
[WhiteTeam "Marcos Frechin"]
[BlackTeam "Atl Huesca"]
[WhiteTeamCountry "ESP"]
[BlackTeamCountry "ESP"]

1. e4 c5 2. c3 Nf6 3. e5 Nd5 4. d4 cxd4 5. Bc4 Nb6 6. Bb3 e6 7. cxd4 d6 8. exd6 Bxd6 9. Nf3 Bd7 10. Nc3 Bc6 11. 0-0 0-0 12. Bc2 N8d7 13. Qd3 g6 14. Ne4 Bxe4 15. Qxe4 Nd5 16. Bg5 Be7 17. h4 Bf6 18. Bb3 N7b6 19. g3 Rc8 20. Bh6 Bg7 21. Bxg7 Kxg7 22. Ne5 Qe7 23. Rac1 Qb4 24. Rxc8 Rxc8 25. Ng4 Qd6 26. Ne5 Qb4 27. h5 Qd2 28. Ng4 Qg5 29. hxg6 hxg6 30. Ne5 Rh8 31. Qg2 Qd2 32. Rd1 Qxb2 33. Qf3 f6 34. Ng4 f5 35. Ne3 Nc3 36. Qxb7+ Kf6 37. Rf1 Ne2+ 38. Kg2 Nxd4 39. Qxa7 Nxb3 40. Qxb6 Qxa2 41. Nd5+ Ke5 42. Nc7 Nd2 43. Re1+ Ne4 44. Qc5+ Kf6 45. Qd4+ e5 46. Nd5+ Ke6 47. Nc7+ Kf6 48. Nd5+ Ke6 1/2-1/2

[Event "Aragon-chT Preferente"]
[Site "Spain"]
[Date "2010.03.06"]
[Round "7.58"]
[White "Azaiez, Fahmi"]
[Black "Gella Bitrian, Diego"]
[Result "1-0"]
[WhiteElo "2014"]
[BlackElo "1950"]
[PlyCount "57"]
[EventDate "2010.01.23"]
[EventType "team-swiss"]
[EventRounds "12"]
[EventCountry "ESP"]
[SourceTitle "EXT 2013"]
[Source "ChessBase"]
[SourceDate "2012.11.22"]
[SourceVersion "1"]
[SourceVersionDate "2012.11.22"]
[SourceQuality "1"]
[WhiteTeam "Delicias II"]
[BlackTeam "Huesca Club Atletismo"]
[WhiteTeamCountry "ESP"]
[BlackTeamCountry "ESP"]

1. e4 c5 2. Nf3 d6 3. d4 Nf6 4. Nc3 cxd4 5. Nxd4 a6 6. Bg5 e6 7. f4 Qc7 8. Qf3 b5 9. Bxf6 gxf6 10. Bd3 b4 11. Nce2 Nd7 12. 0-0 Be7 13. Kh1 Bb7 14. Qh5 Nc5 15. a3 e5 16. fxe5 dxe5 17. Nf5 bxa3 18. Ng7+ Kd7 19. Rxa3 Raf8 20. b4 Ne6 21. Rc3 Qb6 22. Rd1 Bd6 23. Nf5 Qxb4 24. Rb3 Qc5 25. Rxb7+ Kc6 26. Nxd6 Kxd6 27. Bb5+ Nd4 28. Qf5 Qxc2 29. Rxd4+ 1-0

[Event "Aragon-chT"]
[Site "Aragon"]
[Date "2009.03.07"]
[Round "6"]
[White "Gella Bitrian, Diego"]
[Black "Garcia Vicente, Nieves"]
[Result "1-0"]
[WhiteElo "1864"]
[BlackElo "2228"]
[PlyCount "113"]
[EventDate "2009.01.24"]
[EventType "team-swiss"]
[EventRounds "9"]
[EventCountry "ESP"]
[SourceTitle "EXT 2011"]
[Source "ChessBase"]
[SourceDate "2010.11.26"]
[SourceVersion "1"]
[SourceVersionDate "2010.11.26"]
[SourceQuality "1"]

1. e4 c5 2. Nf3 Nc6 3. d4 cxd4 4. Nxd4 e5 5. Nb5 a6 6. Nd6+ Bxd6 7. Qxd6 Qf6 8. Qd1 Qg6 9. Nc3 Nge7 10. g3 d5 11. exd5 Nb4 12. Bd3 Bf5 13. Be3 Bxd3 14. cxd3 0-0 15. Qb3 Nxd3+ 16. Ke2 Nf5 17. Rhd1 Nxe3 18. Rxd3 Nf5 19. Kf1 h5 20. Rad1 Nd6 21. Qb6 Rac8 22. Qe3 e4 23. Rd4 Nf5 24. Qxe4 Nxd4 25. Qxg6 fxg6 26. Rxd4 Rf7 27. Rd2 Rc4 28. Ne2 g5 29. Nd4 Rd7 30. Ne6 g4 31. Nf4 h4 32. Ng2 h3 33. Ne3 Re4 34. b3 Kf7 35. Nc4 b5 36. Ne3 Kf6 37. Ke2 Ke5 38. Kf1 Rd6 39. Rc2 g6 40. Rd2 Rxe3 41. fxe3 Rxd5 42. Rxd5+ Kxd5 43. Ke2 Ke4 44. b4 Ke5 45. Kd3 Kd5 46. e4+ Ke6 47. Kd4 Kd6 48. e5+ Ke6 49. Ke4 Kd7 50. Kd5 Ke7 51. e6 Ke8 52. Kd6 Kd8 53. e7+ Ke8 54. Ke6 g5 55. a3 a5 56. bxa5 b4 57. a6 1-0

[Event "Aragon-chT"]
[Site "Aragon"]
[Date "2008.02.09"]
[Round "2"]
[White "Gella Bitrian, Diego"]
[Black "Moreno Antonio, Mario"]
[Result "1-0"]
[WhiteElo "1844"]
[BlackElo "1853"]
[PlyCount "47"]
[EventDate "2008.02.02"]
[EventType "team-swiss"]
[EventRounds "12"]
[EventCountry "ESP"]
[SourceTitle "EXT 2011"]
[Source "ChessBase"]
[SourceDate "2010.11.26"]
[SourceVersion "1"]
[SourceVersionDate "2010.11.26"]
[SourceQuality "1"]

1. e4 e6 2. d4 d5 3. Nd2 dxe4 4. Nxe4 Nd7 5. Nf3 Ngf6 6. Bd3 b6 7. 0-0 Bb7 8. Re1 Be7 9. Bf4 0-0 10. c3 h6 11. Bc2 Nxe4 12. Bxe4 Bxe4 13. Rxe4 Nf6 14. Re1 Nd5 15. Bg3 Bd6 16. Ne5 c5 17. Qg4 Rc8 18. Rad1 cxd4 19. Rxd4 b5 20. Nxf7 Rxf7 21. Qxe6 Bxg3 22. hxg3 Qf6 23. Qxc8+ Kh7 24. Re2 1-0